00190nam a2200073Ia 4500008004100000100002100041245004100062260001300103120527s9999 xx 000 0 und d aAyeni R.O. etal. aIntroductory University mathematics. bY - Book